000 00739nam a22002057a 4500
999 _c10900
_d10900
003 AR-CdUCM
008 190402b ||||| |||| 00| 0 spa d
040 _aMUNICIPALIDAD PROVINCIAL DEL CUSCO
_cBIBLIOTECA MUNICIPAL DEL CUSCO
082 _a339.45 /
_bS67 / 1935
100 _aSombart, Werner
_927966
245 _aLujo y capitalismo /
260 _aSantiago de Chile :
_bCultura,
_c1935.
300 _a174 páginas ;
_c18.5 cm.
440 _aHombres e ideas ;
_927967
505 _aContenido: La nueva sociedad -- La gran ciudad -- La secularización del amor -- El desarrollo del lujo -- El lujo, elemento generador del capitalismo.
650 _aLujo
_927968
650 _aCapitalismo
_93221
942 _2ddc
_cLIBROS
945 _aacv